2026 Formula 1 Grid - Statistics

General Stats
  • This quiz has been taken 189 times
  • The average score is 20 of 22
Answer Stats
Hint Answer % Correct
Ferrari Leclerc
98%
McLaren Norris
98%
McLaren Piastri
98%
Red Bull Racing Verstappen
98%
Ferrari Hamilton
97%
Aston Martin Alonso
96%
Mercedes Russell
96%
Mercedes Antonelli
95%
Cadillac Bottas
92%
Red Bull Racing Hadjar
92%
Audi Hulkenberg
92%
Haas F1 Team Ocon
92%
Cadillac Perez
92%
Aston Martin Stroll
92%
Alpine Gasly
90%
Racing Bulls Lawson
90%
Williams Albon
89%
Williams Sainz
89%
Haas F1 Team Bearman
88%
Alpine Colapinto
86%
Audi Bortoleto
82%
Racing Bulls Lindblad
80%
No matching quizzes found
Score Distribution
Percent of People with Each Score
Percentile by Number Answered
Your Score History
You have not taken this quiz